000 00335nam a2200133Ia 4500
008 231129s1976||||xx |||||||||||||| ||spa||
020 _a84-02-04842-0
082 _aHAJ- 0289
100 _aKoning Frederik
245 0 _aEros
260 _c1976
264 _aEspaƱa: Bruguera
942 _2ddc
_cBKS
999 _c13284
_d13284